[Event "4th Karen Asrian Memorial"]
[Site "Jermuk ARM"]
[Date "2011.06.23"]
[Round "8"]
[White "Turov,M"]
[Black "Dubov,Danii"]
[Result "1-0"]
[WhiteElo "2634"]
[BlackElo "2505"]

1.c4 c6 2.e4 d5 3.exd5 cxd5 4.d4 Nf6 5.Nc3 g6 6.Qb3 Bg7 7.cxd5 O-O 8.Nge2 Na6
9.g3 b5 10.Bg2 b4 11.Nd1 Rb8 12.Bf4 Rb5 13.Ne3 Bb7 14.a4 Ra5 15.Be5 Nd7 16.Bxg7 Kxg7
17.Nf4 Nb6 18.O-O Bc8 19.Nd3 Bd7 20.Nc5 Qc8 21.Nxd7 Qxd7 22.Rfc1 Rc8 23.Rxc8 Qxc8
24.Bf1 Qd7 25.Bb5 Qd6 26.Rc1 Nc7 27.Rxc7 Qxc7 28.Qxb4 Nc8 29.Qc5 Qd8 30.b4 Rxb5
31.Qxb5 Nd6 32.Qc5 a6 33.Nc4 Ne4 34.Qc6 Nc3 35.Ne3 Ne2+ 36.Kg2 Nxd4 37.Qxa6 e6
38.dxe6 Qf6 39.Qb7  1-0

[Event "Mukachevo Summer"]
[Site "Mukachevo UKR"]
[Date "2011.06.24"]
[Round "6"]
[White "Kovalev,De"]
[Black "Bogdanovich,S"]
[Result "1/2-1/2"]
[WhiteElo "2482"]
[BlackElo "2503"]

1.c4 c6 2.Nc3 d5 3.cxd5 cxd5 4.d4 Nf6 5.Bf4 Nc6 6.e3 e6 7.Bd3 Bd6 8.Bxd6 Qxd6
9.f4 O-O 10.Nf3 b6 11.Ne5 Bb7 12.a3 Qe7 13.O-O Rfc8 14.Rf3 Na5 15.Rh3 g6
16.g4 Nd7 17.Nxd7 Qxd7 18.Qe1 f6 19.Qh4 Qf7 20.g5 f5 21.Qf2 Nc4 22.Bxc4 dxc4
23.Rh6 Qd7 24.Qg3 b5 25.h4 a5 26.h5 Kg7 27.Qh3 Rh8 28.Rf1 b4 29.hxg6 hxg6
30.Rf2 Rag8 31.Rh2 Rxh6 32.Qxh6+ Kf7 33.Qh7+ Rg7 34.Qh8 bxc3 35.Rh7 Rxh7
36.Qxh7+ Ke8 37.Qh8+ Ke7 38.Qf6+  1/2-1/2

[Event "64th ch-RUS HL"]
[Site "Taganrog RUS"]
[Date "2011.06.24"]
[Round "9"]
[White "Grigoriants,S RUS"]
[Black "Bryzgalin,K"]
[Result "1-0"]
[WhiteElo "2562"]
[BlackElo "2473"]

1.c4 c6 2.e4 e5 3.Nc3 d6 4.d4 Be7 5.Nf3 Nd7 6.Be2 Ngf6 7.O-O O-O 8.Qc2 a6
9.Rd1 Qc7 10.a3 b5 11.b4 bxc4 12.Bxc4 Nb6 13.Be2 exd4 14.Nxd4 c5 15.bxc5 dxc5
16.Nf3 Bb7 17.Rb1 Rfd8 18.Rxd8+ Rxd8 19.g3 Nfd7 20.Bf4 Qc6 21.Rd1 Re8 22.Bf1 Bf8
23.a4 Nf6 24.Ne5 Qe6 25.a5 Nfd7 26.Nf3 Nc8 27.Ng5 Qe7 28.e5 g6 29.e6 fxe6
30.Qb3 Nf6 31.Bc4 Bd5 32.Nxd5 exd5 33.Bxd5+ Kh8 34.Nf7+  1-0

[Event "64th ch-RUS HL"]
[Site "Taganrog RUS"]
[Date "2011.06.24"]
[Round "9"]
[White "Musalov,R"]
[Black "Goganov,A"]
[Result "1/2-1/2"]
[WhiteElo "2399"]
[BlackElo "2480"]

1.c4 c6 2.e4 d5 3.exd5 cxd5 4.cxd5 Nf6 5.Bb5+ Nbd7 6.Nc3 g6 7.Nf3 Bg7 8.Qb3 O-O
9.Bxd7 Qxd7 10.O-O Rd8 11.Re1 Nxd5 12.Nxd5 Qxd5 13.Qxd5 Rxd5 14.Rxe7 Bg4
15.Rxb7 Re8 16.d4 Bxf3 17.gxf3 Re1+ 18.Kg2 h5 19.Rb8+ Kh7 20.Rb7 Rxd4 21.Rxf7 Rdd1
22.Bd2 Rg1+ 23.Kh3 Rxa1 24.Bc3 Rxa2 25.Rxg7+ Kh6 26.Rg8 g5 27.f4 g4+ 28.Kh4 Ra4
29.Rh8+ Kg6 30.Rf8 g3 31.fxg3 Rg2 32.Rf6+ Kh7 33.Kg5 Kg8 34.Kg6 h4 35.Kf5 Rxh2
36.gxh4 Rxh4 37.Be5 Rh7 38.Rc6 Rb7 39.Ke6 Rb6 40.Rxb6 axb6 41.f5 Re4 42.f6 Re1
43.Kd5 Kf7 44.Bc3 Re6 45.Bd4 Re2 46.Be5 b5 47.Bd4 Rc2 48.Bc3 Rh2 49.Kc5 Rh5+
50.Kd6 Rf5 51.Bd4 b4 52.Be5 Rh5 53.Kd5 b3 54.Ke4 Ke6 55.Bc3 Rh4+ 56.Ke3 Rc4
57.Bd4 Rc7 58.Ke4 Rh7 59.Bc3 Rd7 60.Ke3 Kd5 61.Kd3 Rh7 62.Ke3 Rh3+ 63.Ke2 Ke4
64.Bb4 Rf3 65.Be7 Re3+ 66.Kd2 Rd3+ 67.Ke2 Rf3 68.Kd2 Kd4 69.Ke2 Rf5 70.Kd2 Rf2+
71.Ke1 Rf5 72.Kd2 Rf4 73.Bd8 Rf5 74.Be7 Kc4 75.Ke3 Kd5 76.Kd3 Rf3+ 77.Ke2 Ke4
78.Kd2 Kd4  1/2-1/2

[Event "HSG Open"]
[Site "Hilversum NED"]
[Date "2011.06.25"]
[Round "3"]
[White "Afek,Y"]
[Black "Wieringa,Helmer"]
[Result "0-1"]
[WhiteElo "2295"]
[BlackElo "2076"]

1.c4 c6 2.e4 d5 3.exd5 cxd5 4.d4 Nf6 5.Nc3 e6 6.Nf3 Be7 7.cxd5 Nxd5 8.Bd3 Nc6
9.O-O a6 10.Re1 O-O 11.Bc2 Ncb4 12.Bb1 Nf6 13.Ne5 Re8 14.Bg5 g6 15.Qf3 Nbd5
16.Bc2 Kg7 17.Bb3 Nxc3 18.bxc3 Rf8 19.Rad1 Ng8 20.Bf4 Bd6 21.d5 Qc7 22.Qe3 f6
23.Nxg6 hxg6 24.Bxd6 Qxd6 25.dxe6 Qe7 26.Qb6 f5 27.Rd4 Nf6 28.Red1 a5 29.Bc4 g5
30.h4 g4 31.f3 gxf3 32.gxf3 Kh6 33.Kf1 Rg8 34.Rd8 Bxe6 35.Qe3+ Kh5 36.Bxe6 Raxd8
37.Rxd8 Qxd8 38.Bf7+ Kxh4 39.Kf2 Nh5 40.Bxg8 Qxg8 41.Qe7+ Kh3 42.Qxb7 Qxa2+
43.Ke3 Qc4 44.Qh7 Qxc3+ 45.Kf2 Qd2+ 46.Kf1 Kg3 47.Qg6+ Kh4 48.Qh7 Qf4 49.Kf2 a4
50.Qe7+ Kh3 51.Qe8 Qg3+ 52.Ke2 Qg2+ 53.Ke3  0-1

[Event "XIX Open A"]
[Site "Montcada i Reixac ESP"]
[Date "2011.06.26"]
[Round "2"]
[White "Pogorelov,R"]
[Black "Cuartas,Ja"]
[Result "1/2-1/2"]
[WhiteElo "2436"]
[BlackElo "2542"]

1.c4 c6 2.Nf3 d5 3.e3 Nf6 4.Nc3 g6 5.d4 Bg7 6.h3 O-O 7.Bd2 a6 8.Rc1 e6 9.Bd3 Nbd7
10.O-O dxc4 11.Bxc4 c5 12.Be2 cxd4 13.Nxd4 e5 14.Nb3 e4 15.Qc2 Re8 16.Rfd1 Qe7
17.Na4 b5 18.Nac5 Nxc5 19.Qxc5 Be6 20.Qxe7 Rxe7 21.Bc3 Rc7 22.Bd4 Rxc1 23.Rxc1 Bxb3
24.axb3 Ne8 25.Bxg7 Kxg7 26.Rc6 Kf8 27.f3 exf3 28.Bxf3 Ra7 29.Kf2 Ke7 30.Kg3 Nd6
31.Kf4 f6 32.Bd5 a5 33.e4 h6 34.Ke3 a4 35.b4 a3 36.bxa3 Rxa3+ 37.Kd4 Kd7
38.e5 fxe5+ 39.Kxe5 Nc4+ 40.Kd4 Rg3 41.Rc5 Ne3 42.Rxb5 Nxg2 43.Rb7+ Kd6 44.Rb6+ Kc7
45.Rc6+ Kd7 46.b5 Nf4 47.Be4 Ne2+ 48.Kc5 Rg5+ 49.Kb6 Rxb5+ 50.Kxb5 Nd4+ 51.Kc5 Nxc6
52.Bxc6+ Ke6 53.Be4 Kf6 54.Kd4  1/2-1/2

[Event "6th Dvorkovich Cup"]
[Site "Moscow RUS"]
[Date "2011.06.26"]
[Round "1.3"]
[White "Nikologorskiy,K"]
[Black "Savitski,A"]
[Result "1/2-1/2"]
[WhiteElo "2260"]
[BlackElo "1993"]

1.c4 c6 2.Nf3 d5 3.d4 Nf6 4.g3 Bf5 5.Bg2 e6 6.O-O Nbd7 7.b3 Bd6 8.Bb2 O-O
9.Nbd2 Re8 10.Ne5 Bxe5 11.dxe5 Ng4 12.e4 dxe4 13.Nxe4 Ndxe5 14.h3 Bxe4 15.Bxe4 Nf6
16.Bxh7+ Nxh7 17.Bxe5 Qa5 18.Qe1 Qc5 19.Qe3 Qxe3 20.fxe3 f6 21.Bb2 Rad8 22.Rad1 Ng5
23.Kg2 e5 24.h4 Ne4 25.g4 Kh7 26.Rh1 Kg6 27.Kf3 Nd2+ 28.Ke2 Ne4 29.Kf3 Nd2+  1/2-1/2

[Event "ch-NED"]
[Site "Boxtel NED"]
[Date "2011.06.27"]
[Round "2"]
[White "Janssen,Ru"]
[Black "Spoelman,W"]
[Result "0-1"]
[WhiteElo "2512"]
[BlackElo "2564"]

1.c4 c6 2.Nf3 d5 3.g3 Nf6 4.Bg2 dxc4 5.O-O Nbd7 6.Na3 Nb6 7.Qc2 Qd5 8.Ne1 Qd4
9.e3 Qg4 10.e4 h5 11.Nxc4 Nxc4 12.Qxc4 h4 13.d4 Nxe4 14.Qc2 Nd6 15.Bxc6+ Bd7
16.Bxd7+ Qxd7 17.Nf3 g6 18.Bg5 hxg3 19.fxg3 Nf5 20.Rad1 Bg7 21.Ne5 Qd5 22.Qa4+ b5
23.Qb3 Rd8 24.g4 Qxb3 25.axb3 Rxd4 26.Rxd4 Nxd4 27.Nxf7 Rf8  0-1

[Event "19th Albena Open"]
[Site "Albena BUL"]
[Date "2011.06.28"]
[Round "4.50"]
[White "Kulon,K"]
[Black "Vladut,M"]
[Result "1/2-1/2"]
[WhiteElo "2227"]
[BlackElo "2014"]

1.c4 c6 2.e3 d5 3.b3 Nf6 4.Bb2 Bf5 5.d3 Nbd7 6.Nf3 e6 7.Be2 Bd6 8.Nh4 Bg6
9.O-O b5 10.Nd2 bxc4 11.dxc4 Qb8 12.g3 Be5 13.Qc1 O-O 14.Nxg6 hxg6 15.cxd5 cxd5
16.Bd4 Bxd4 17.exd4 Qb6 18.Qb2 Ne4 19.Rac1 Rac8 20.Kg2 Qb4 21.Nb1 Nb8 22.a3 Qb6
23.b4 Rxc1 24.Rxc1 Nc6 25.Rd1 Nd6 26.Nc3 Rc8 27.Na4 Qd8 28.Nc5 Qf6 29.Qd2 a5
30.f3 axb4 31.axb4 Nf5 32.Nb3 Rb8 33.b5 Na7 34.Nc5 Qd8 35.Rb1 Nc8 36.Na6 Rb6
37.Rc1 Nfd6 38.Qa5 Qg5 39.Rc3 Kh7 40.Rb3 Qc1 41.Nc5 Nc4 42.Qa2 N8d6 43.Rb1 Qe3
44.Bxc4 dxc4 45.Qa5 Qe2+ 46.Kg1 Qe3+ 47.Kg2 Rb8 48.Nd7 Rb7 49.Nc5 Rb8 50.Nd7 Rc8
51.Re1 Qxd4 52.b6 c3 53.Qe5 Qxe5 54.Nxe5 Rc5 55.f4 Rb5 56.Rc1 Rb3 57.Kf3 Rxb6
58.Rxc3 f6 59.Nd7 Rb2 60.Rc6 Rd2 61.Nf8+ Kg8 62.Nxe6 Nf5  1/2-1/2

[Event "Championnat de Corse"]
[Site "Bastia FRA"]
[Date "2011.06.28"]
[Round "4.3"]
[White "Vilaisarn,A"]
[Black "Luciani,T"]
[Result "0-1"]
[WhiteElo "2257"]
[BlackElo "1926"]

1.c4 c6 2.g3 d5 3.Bg2 Nf6 4.Nf3 Bg4 5.Ne5 Bh5 6.cxd5 cxd5 7.g4 Bg6 8.g5 Ne4
9.Qa4+ Nd7 10.Nxd7 Qxd7 11.Qxd7+ Kxd7 12.d3 Rc8 13.O-O Nd6 14.Bxd5 e6 15.Bg2 Be7
16.Nc3 b6 17.e4 Rhd8 18.Be3 Ke8 19.Rac1 f6 20.gxf6 gxf6 21.f4 Bf7 22.Bf3 Kf8
23.Ne2 Rxc1 24.Rxc1 Rc8 25.Rxc8+ Nxc8 26.a3 e5 27.d4 exd4 28.Bxd4 Nd6 29.Nc3 Nc4
30.Nb1 Bc5 31.Bxc5+ bxc5 32.b3 Na5 33.b4 cxb4 34.axb4 Nc6 35.e5 Nxb4 36.exf6 Bg6
37.Nc3 Kf7 38.Nd5 Nxd5 39.Bxd5+ Kxf6 40.Kf2 Bc2 41.Ke3 a5 42.Kd2 Ba4 43.Ke3 Bd7
44.Be4 h6 45.Kf3 a4 46.Bb1 a3 47.Kg3 Bf5 48.Ba2 Be6 49.Bb1 a2 50.Bxa2 Bxa2
51.Kg4 Bf7 52.h3 Kg6 53.Kh4 Be6 54.Kg3 Kh5  0-1

[Event "6th Dvorkovich Cup"]
[Site "Moscow RUS"]
[Date "2011.06.28"]
[Round "6.4"]
[White "Fataliyeva,U"]
[Black "Nevioselaya,M"]
[Result "1-0"]
[WhiteElo "2105"]
[BlackElo "1983"]

1.c4 c6 2.Nc3 Nf6 3.d4 d5 4.Bg5 Ne4 5.Nxe4 dxe4 6.g3 g6 7.Bg2 f5 8.f3 Bg7
9.fxe4 Bxd4 10.Qd2 Bf6 11.Qxd8+ Kxd8 12.O-O-O+ Kc7 13.Bf4+ e5 14.Bd2 Be6
15.b3 Nd7 16.Bb4 b6 17.Rd6 Bg5+ 18.Kb2 Bd5 19.exd5 c5 20.Rc6+ Kd8 21.Bc3 Re8
22.Re6 e4 23.Rxe8+ Kxe8 24.h4 Bf6 25.h5 g5 26.g4 fxg4 27.Bxe4 Bxc3+ 28.Kxc3 Nf6
29.Bf5 h6 30.e4  1-0

[Event "19th Albena Open"]
[Site "Albena BUL"]
[Date "2011.06.29"]
[Round "5.46"]
[White "Sofranov,V"]
[Black "Ivelinov,H"]
[Result "1-0"]
[WhiteElo "2053"]
[BlackElo "2243"]

1.c4 c6 2.g3 e5 3.d4 exd4 4.Qxd4 Nf6 5.Bg2 Be7 6.Nc3 O-O 7.e4 Na6 8.Nge2 d6
9.O-O Be6 10.b3 Qa5 11.Qd2 Qc7 12.Bb2 Rad8 13.Rac1 Qb8 14.Ba3 Rfe8 15.Rfd1 Bf8
16.Qf4 Bg4 17.Rc2 Qc8 18.Rcd2 Nh5 19.Qe3 Nc5 20.Bxc5 dxc5 21.f4 Rxd2 22.Rxd2 Nf6
23.e5 Bh3 24.Qf3 Bxg2 25.Kxg2 Nd7 26.Qg4 Nb6 27.Qxc8 Rxc8 28.Ne4 Be7 29.f5 Re8
30.Nf4 g6 31.g4 Bh4 32.e6 Kg7 33.Kf3 fxe6 34.Nxe6+ Kh6 35.g5+ Bxg5 36.N4xg5 gxf5
37.Kf4  1-0

[Event "19th Albena Open"]
[Site "Albena BUL"]
[Date "2011.06.29"]
[Round "5.48"]
[White "Slavov,Dimi"]
[Black "Hristov,N"]
[Result "1-0"]
[WhiteElo "2230"]
[BlackElo "1913"]

1.c4 c6 2.e4 d5 3.exd5 cxd5 4.d4 e6 5.Nc3 Nf6 6.Nf3 Bd6 7.Bg5 Nc6 8.Bxf6 Qxf6
9.cxd5 exd5 10.Nxd5 Qe6+ 11.Qe2 O-O 12.Qxe6 Bxe6 13.Nc3 Nb4 14.Kd1 Rac8 15.Nd2 Bf5
16.Rc1 Bf4 17.g3 Bh6 18.f4 Rfe8 19.h3 Re3 20.g4 Bd3 21.g5 Rce8 22.Bg2 Bg6
23.Rf1 Nd3 24.Nde4 Nxc1 25.Kxc1 f5 26.Kd2 R3xe4 27.Bxe4 fxe4 28.Ke3 Bf5 29.h4 Kf7
30.gxh6 gxh6 31.Rg1 a6 32.a4 Rc8 33.d5 b6 34.Kd4 Bd7 35.Nxe4 Rc2 36.b3 Rh2
37.Rc1 Rxh4 38.Ke5 Ke7 39.Nf6 Rh2 40.d6+ Kd8 41.Nxd7 Kxd7 42.Rc7+ Kd8 43.Rxh7 h5
44.Ke6 Re2+ 45.Kd5 Rc2 46.b4 a5 47.bxa5 bxa5 48.Rxh5 Rd2+ 49.Ke6 Re2+ 50.Re5 Rb2
51.f5  1-0

[Event "Championnat de Corse"]
[Site "Bastia FRA"]
[Date "2011.06.30"]
[Round "6.4"]
[White "Bicchierai,G"]
[Black "Luciani,T"]
[Result "1/2-1/2"]
[WhiteElo "2121"]
[BlackElo "1926"]

1.c4 c6 2.e4 d5 3.exd5 cxd5 4.d4 Nf6 5.Nc3 e6 6.Nf3 Be7 7.cxd5 Nxd5 8.Bd3 O-O
9.h4 Nf6 10.h5 Nc6 11.a3 a6 12.Bc2 Qd6 13.Qd3 Rd8 14.Rh4 e5 15.Bg5 e4 16.Nxe4 Nxe4
17.Bxe7 Nxe7 18.Qxe4 Bf5 19.Qe2 Rac8 20.Bxf5 Nxf5 21.Re4 Qh6 22.Kf1 Qxh5
23.Kg1 f6 24.Re1 Nd6 25.Re7 Qd5 26.Qd3 Re8 27.Rxe8+ Rxe8 28.Rxe8+ Nxe8 29.Qc3 Nd6
30.Qc7 Qc6 31.Qe7 Ne4 32.d5 Qc1+ 33.Kh2 Qh6+ 34.Kg1 Qc1+ 35.Kh2 Qh6+  1/2-1/2

[Event "19th Albena Open"]
[Site "Albena BUL"]
[Date "2011.07.01"]
[Round "7.46"]
[White "Marinc,D"]
[Black "Ivelinov,H"]
[Result "0-1"]
[WhiteElo "2049"]
[BlackElo "2243"]

1.c4 c6 2.b3 d5 3.e3 Nf6 4.Bb2 Bf5 5.Nf3 Nbd7 6.Be2 e6 7.O-O h6 8.d4 Bd6
9.Ne5 O-O 10.f4 Bxe5 11.fxe5 Ne4 12.Nd2 Qg5 13.Rf4 Bh3 14.Bf1 f5 15.cxd5 cxd5
16.Nf3 Qg6 17.Ba3 Bg4 18.Bxf8 Rxf8 19.Qe1 Qe8 20.Nd2 Ng5 21.Be2 Bxe2 22.Qxe2 Ne4
23.Nxe4 dxe4 24.Qb5 Nb6 25.Qxe8 Rxe8 26.Rff1 Nd5 27.Rfe1 g5 28.g3 Kg7 29.Rac1 Kg6
30.Rc5 Re7 31.a3 Rf7 32.Kf2 Kh5 33.Rc8 Re7 34.b4 Kg4 35.Kg2 Kh5 36.h3 Kg6
37.Kf2 Rf7 38.Re8 Nc7 39.Rg8+ Kh7 40.Rc1 Kxg8  0-1

[Event "TCh-TUR 2011"]
[Site "Konya TUR"]
[Date "2011.07.01"]
[Round "4"]
[White "Mchedlishvili,M"]
[Black "Gagunashvili,M"]
[Result "1/2-1/2"]
[WhiteElo "2629"]
[BlackElo "2603"]

1.c4 c6 2.Nc3 d5 3.d4 Nf6 4.e3 g6 5.Nf3 Bg7 6.cxd5 cxd5 7.Bb5+ Bd7 8.Qb3 Bxb5
9.Qxb5+ Qd7 10.Ne5 Qxb5 11.Nxb5 Na6 12.Bd2 Ne4 13.Rc1 f6 14.Nd3 Kd7 15.Ke2 Nd6
16.Rc2 Rac8 17.Nc5+ Nxc5 18.Rxc5  1/2-1/2

[Event "ch-NED"]
[Site "Boxtel NED"]
[Date "2011.07.02"]
[Round "6"]
[White "Swinkels,R"]
[Black "Smeets,J"]
[Result "1/2-1/2"]
[WhiteElo "2483"]
[BlackElo "2647"]

1.c4 c6 2.g3 d5 3.Nf3 dxc4 4.Bg2 b5 5.a4 Bb7 6.b3 cxb3 7.Qxb3 a6 8.Ne5 e6
9.Bb2 Qb6 10.O-O Nf6 11.Rc1 Be7 12.Na3 O-O 13.Nac4 Qc7 14.Ne3 Nfd7 15.Nxd7 Qxd7
16.Ng4 Qxd2 17.Rc2 Qb4 18.Qf3 Nd7 19.Rd1 Rad8 20.Rd4 Qe1+ 21.Bf1 f5 22.Rc1 fxg4
23.Qxf8+ Nxf8 24.Rxe1 Rxd4 25.Bxd4 c5 26.Rc1 Nd7 27.axb5 axb5 28.e3 Bc6 29.Be2 h5
30.h3 gxh3 31.Bxh5 Bd5 32.Be8 cxd4 33.Bxd7 dxe3 34.fxe3 b4 35.e4 Bxe4 36.Bxe6+ Kh7
37.Kh2 Kg6 38.Kxh3 Kf6 39.Bb3 Ke5 40.Rc7 Kd6 41.Rc4 Ke5 42.Rc7 Kd6 43.Rc4  1/2-1/2

[Event "2nd Borloy Mem FSGM"]
[Site "Budapest HUN"]
[Date "2011.07.02"]
[Round "1.4"]
[White "Balazs,G2"]
[Black "Szabo,Ben"]
[Result "1/2-1/2"]
[WhiteElo "2383"]
[BlackElo "2362"]

1.c4 c6 2.d4 d5 3.cxd5 cxd5 4.Nc3 Nc6 5.Nf3 Nf6 6.Bf4 Bf5 7.e3 e6 8.Bd3 Bxd3
9.Qxd3 Bd6 10.Bxd6 Qxd6 11.O-O O-O 12.Rac1 Rfc8 13.a3 a6 14.Na4 Na5  1/2-1/2

[Event "9th Niki Open"]
[Site "Nachod CZE"]
[Date "2011.07.02"]
[Round "1.17"]
[White "Kraus,To"]
[Black "Pribyl,Jar2"]
[Result "1/2-1/2"]
[WhiteElo "2194"]
[BlackElo "1864"]

1.c4 c6 2.Nf3 d5 3.b3 Bf5 4.g3 Nd7 5.Bb2 Ngf6 6.Bg2 e6 7.O-O Bd6 8.d3 O-O
9.Nbd2 Qe7 10.Qc2 Ba3 11.Bc3 Bb4 12.Nh4 Bxc3 13.Qxc3 Bg4 14.e4 dxe4 15.dxe4 e5
16.h3 Bh5 17.Nf5 Qe6 18.c5 Bg6 19.Nd6 b6 20.b4 Ne8 21.Nf5 bxc5 22.bxc5 Bxf5
23.exf5 Qxf5 24.Nb3 e4 25.g4 Qf4 26.Rad1 Ne5 27.Rd4 Nf6 28.Qe3 Nf3+ 29.Bxf3 Qxf3
30.Qxf3 exf3 31.Rd6 Rac8 32.Re1 Rfd8 33.Re7 Rxd6 34.cxd6 Rd8 35.Rxa7 h6 36.Nd4 Rxd6
37.Nxf3 Rd1+ 38.Kg2 Nd5 39.Ne5 c5 40.Ra8+ Kh7 41.Nxf7 Kg6 42.Ne5+ Kg5 43.Kg3 Rg1+
44.Kf3 Rc1 45.Rc8 Rc3+ 46.Ke2 Nf4+ 47.Kd2 Ra3 48.Rxc5 Rxa2+ 49.Ke3 Nxh3 50.f3 Kf6
51.Nd3 Ng1 52.Rf5+ Kg6 53.Nf4+ Kh7 54.g5 hxg5 55.Rxg5 Ra3+ 56.Ke4 Ra4+ 57.Ke3 Ra3+
58.Kf2 Rxf3+ 59.Kxg1 Rxf4 60.Ra5 g6 61.Kg2 Kh6 62.Kg3 g5 63.Ra3 Kh5 64.Rb3 Rc4
65.Ra3 Rc5 66.Rb3 g4 67.Rb8 Rc3+ 68.Kg2 Rc5 69.Rh8+ Kg5 70.Rg8+ Kf4 71.Rf8+ Rf5
72.Rxf5+ Kxf5 73.Kg3 Kg5 74.Kg2 Kf4 75.Kf2 g3+ 76.Kg2 Kg4 77.Kg1  1/2-1/2

[Event "ch-BRU"]
[Site "Bandar Seri Begawan BRU"]
[Date "2011.07.03"]
[Round "3"]
[White "Hj Kura,A"]
[Black "Hj,Azahari Md Aliuddin"]
[Result "1/2-1/2"]
[WhiteElo "2298"]
[BlackElo "2076"]

1.c4 c6 2.g3 d5 3.cxd5 cxd5 4.Bg2 Nf6 5.Nc3 Nc6 6.d4 a6 7.Bg5 e6 8.Nf3 Be7
9.O-O O-O 10.a3 Bd7 11.b4 Rc8 12.Rc1 h6 13.Bd2 b5 14.e3 Qb6 15.Qe2 Rfd8 16.Rfd1 Ne8
17.Ne1 Nd6 18.Nd3 Nc4 19.Ra1 a5 20.Rdb1 Ra8 21.bxa5 Rxa5 22.a4 Nxd2 23.Qxd2 Na7
24.Ne5 b4 25.Nxd7 Rxd7 26.Qd3 Qc6 27.Nb5 Nxb5 28.axb5 Qxb5 29.Bf1 Qxd3 30.Bxd3 Rxa1
31.Rxa1 g6 32.Ra8+ Kg7 33.Rb8 Rc7 34.Kf1 Rc3 35.Ke2 Ra3 36.Bc2 Ra1 37.h4 Ra2
38.Kd2 Ra1 39.Rb7 Bf8 40.Ke2  1/2-1/2

[Event "6th Dvorkovich Cup"]
[Site "Moscow RUS"]
[Date "2011.07.03"]
[Round "14.15"]
[White "Nikologorskiy,K"]
[Black "Akhmetov,Ay"]
[Result "1-0"]
[WhiteElo "2260"]
[BlackElo "2151"]

1.c4 c6 2.e4 e5 3.Nc3 d6 4.g3 g6 5.Bg2 Bg7 6.Nge2 Ne7 7.O-O O-O 8.d4 Be6
9.b3 c5 10.dxe5 dxe5 11.Nd5 Nbc6 12.Rb1 a5 13.Be3 Nd4 14.Qd2 Nec6 15.f4 f5
16.fxe5 Bxe5 17.Nxd4 Nxd4 18.Bg5 Qd6 19.Be7 Qd7 20.Bxf8 Rxf8 21.exf5 Bxf5
22.Rbe1 Qd6 23.Qxa5 Bg4 24.Rxf8+ Kxf8 25.Qa8+ Kg7 26.Qxb7+ Kh6 27.Qe7 Ne2+
28.Kf1 Qxe7 29.Nxe7 Bd6 30.Nc6 Nd4 31.Nxd4 cxd4 32.Re4 Kg5 33.Rxd4 Bb4 34.Rd5+ Kf6
35.Rb5 Bc3 36.a4 Ke6 37.a5 Kd6 38.a6  1-0

[Event "WCh-IPCA Open B"]
[Site "Piestany SVK"]
[Date "2011.07.03"]
[Round "2"]
[White "Uogele,A"]
[Black "Sergeyev,A"]
[Result "1/2-1/2"]
[WhiteElo "2142"]
[BlackElo "2346"]

1.c4 c6 2.Nc3 d5 3.e3 Nf6 4.d4 e6 5.Bd3 Nbd7 6.Nge2 Bd6 7.e4 dxe4 8.Nxe4 Nxe4
9.Bxe4 Qh4 10.Qd3 e5 11.a3 Qf6 12.Be3 exd4 13.Bxd4 Ne5 14.Bxe5 Bxe5  1/2-1/2

[Event "Naantalin Open"]
[Site "Naantali FIN"]
[Date "2011.07.04"]
[Round "1"]
[White "Torkkola,Henri"]
[Black "Raivio,E"]
[Result "1-0"]
[WhiteElo "1974"]
[BlackElo "1822"]

1.c4 c6 2.g3 Nf6 3.Nf3 d5 4.Bg2 dxc4 5.a4 Bf5 6.Na3 e6 7.Nxc4 Be7 8.O-O O-O
9.Qb3 Qc7 10.d3 Nbd7 11.Bf4 Nc5 12.Qc2 Qd8 13.Rfd1 Nd5 14.Bd2 Nf6 15.b4 Ncd7
16.Rac1 Bg6 17.Qb3 Nd5 18.e4 N5b6 19.Na5 Qc7 20.Nd4 Qb8 21.f4 c5 22.Ne2 Bh5
23.Kf2 Rc8 24.b5 Nf6 25.h3 Bxe2 26.Kxe2 Nfd7 27.e5 Rc7 28.Rf1 c4 29.dxc4 Nc5
30.Qf3 Nbxa4 31.f5 exf5 32.Qxf5 f6 33.Bd5+ Kh8 34.Bf4 Qe8 35.Kf3 g6 36.Qb1 f5
37.e6 Rcc8 38.Qa1+ Kg8 39.Bh6  1-0

[Event "9th Niki Open"]
[Site "Nachod CZE"]
[Date "2011.07.04"]
[Round "3.33"]
[White "Zastava,L"]
[Black "Pribyl,Jar2"]
[Result "0-1"]
[WhiteElo "1685"]
[BlackElo "1864"]

1.c4 c6 2.Nc3 d5 3.d4 Nf6 4.Bg5 e6 5.Nf3 Nbd7 6.a3 Be7 7.b4 dxc4 8.e4 b5
9.Rb1 Bb7 10.h3 h6 11.Bh4 O-O 12.Qc2 Nh5 13.Bxe7 Qxe7 14.Be2 Nf4 15.O-O a6
16.Qd2 e5 17.dxe5 Nxe2+ 18.Qxe2 Nxe5 19.Nxe5 Qxe5 20.Qe3 Rad8 21.Rbd1 Bc8
22.f4 Qc7 23.Qf3 Rxd1 24.Rxd1 Rd8 25.e5 Rxd1+ 26.Qxd1 Qb6+ 27.Kf1 Bf5 28.Qd2 Bd3+
29.Ne2 Qd4 30.Qc1 c3 31.Ke1 Qe4  0-1

[Event "38th ch-IND w Challengers"]
[Site "Chennai IND"]
[Date "2011.07.05"]
[Round "5"]
[White "Visalatchi,R"]
[Black "Poojakanth,M"]
[Result "1-0"]
[WhiteElo "1941"]
[BlackElo "1767"]

1.c4 c6 2.b3 Nf6 3.Bb2 d5 4.Nf3 Bf5 5.g3 h6 6.Bg2 Nbd7 7.O-O e6 8.d3 Be7
9.Nc3 O-O 10.Rc1 Rc8 11.Qd2 Bb4 12.a3 Bd6 13.Rfd1 Qe7 14.b4 Rfd8 15.cxd5 exd5
16.Re1 Ne5 17.Na4 Nxf3+ 18.exf3 Qf8 19.Bxf6 gxf6 20.Nc5 b6 21.Nb7 Rd7 22.Nxd6 Rxd6
23.d4 Re6 24.Qf4 Bg6 25.Bh3 Rxe1+ 26.Rxe1 Re8 27.Rc1 Qe7 28.Bf1 a5 29.Rxc6 axb4
30.axb4 Qxb4 31.Qxf6 b5 32.Rc5 Qe1 33.Kg2 b4 34.Rc7 Qb1 35.Rb7 Re1 36.Rb8+  1-0

[Event "TCh-TUR 2011"]
[Site "Konya TUR"]
[Date "2011.07.05"]
[Round "9"]
[White "Miroshnichenko,E"]
[Black "Gagunashvili,M"]
[Result "1/2-1/2"]
[WhiteElo "2651"]
[BlackElo "2603"]

1.c4 c6 2.Nf3 d5 3.d4 Nf6 4.Qc2 dxc4 5.Qxc4 Bf5 6.g3 e6 7.Bg2 Be7 8.O-O O-O
9.Rd1 Nbd7 10.e3 Rc8 11.Qe2 c5 12.Nc3 Ne4 13.Ne1 Ndf6 14.Nb5 a6 15.dxc5 Qa5
16.Nd6 Rc7 17.Nxe4 Bxe4 18.b4 Qa4 19.Bxe4 Nxe4 20.Bb2 Bf6 21.Bxf6 Nxf6 22.Rd4 e5
23.Qd1 Qa3 24.Nc2 Qc3 25.Rd8 Rc8 26.Rxf8+ Kxf8 27.Rb1 a5 28.Rb3 Qc4 29.Na3 Qd5
30.Qxd5 Nxd5 31.bxa5 Rxc5 32.Rxb7 Rxa5 33.Nc4 Rxa2 34.Nxe5 f6 35.Nd7+ Ke8
36.Nc5 Ne7 37.Ne6 g6 38.Kg2 h5 39.Nf4 Ra6 40.h4 f5 41.Kf3 Kf8 42.Nd3 Rd6
43.Ne5 Nd5 44.Ra7 Kg8 45.Ra5 Kg7 46.Rc5 Ne7 47.Rc7 Kf6 48.Nd7+ Kf7 49.Rb7 Nd5
50.Ne5+ Kf6 51.Nf7 Re6 52.Ng5 Re7 53.Rb3 Rd7 54.Ke2 Kg7 55.f3 Nf6 56.e4 fxe4
57.fxe4 Ng4 58.Ne6+ Kf7 59.Nc5 Rc7 60.Nd3 Re7 61.Kf3 Kg7 62.Rb4 Rd7 63.Ke2 Re7
64.Nf4 Ra7 65.Nd3 Re7 66.Ra4 Kf7 67.Nc5 Rc7 68.Ra5 Ne5 69.Nd3 Nxd3 70.Kxd3 Rc3+  1/2-1/2

[Event "Naantalin Open"]
[Site "Naantali FIN"]
[Date "2011.07.05"]
[Round "3"]
[White "Torkkola,Henri"]
[Black "Pohjala,H"]
[Result "0-1"]
[WhiteElo "1974"]
[BlackElo "2241"]

1.c4 c6 2.g3 e5 3.Bg2 f5 4.d4 e4 5.Nh3 Nf6 6.O-O Na6 7.Nc3 Nc7 8.Bg5 Be7
9.Qb3 h6 10.Bxf6 Bxf6 11.e3 g5 12.Rad1 d6 13.Qc2 h5 14.b4 d5 15.cxd5 cxd5
16.Rc1 Ne6 17.Qb3 Nc7 18.Qc2 Rh7 19.Kh1 Rf7 20.Qe2 Be6 21.Ng1 Qe7 22.a3 Kf8
23.Rc2 Kg7 24.Rfc1 Ne8 25.Na4 b6 26.Qa6 Rd8 27.Nb2 Nd6 28.Qe2 Rh8 29.h3 f4
30.gxf4 gxf4 31.f3 Nf5 32.Qb5 Nxe3 33.Rc7 Qxc7 34.Rxc7 Rxc7 35.Ne2 Bd7 36.Qa6 Kh6
37.Nxf4 Rc1+ 38.Kh2 Rg8 39.Qb7 Bh4  0-1

[Event "9th Niki Open"]
[Site "Nachod CZE"]
[Date "2011.07.05"]
[Round "4.13"]
[White "Velecky,V"]
[Black "Slampa,J"]
[Result "1-0"]
[WhiteElo "2161"]
[BlackElo "1970"]

1.c4 c6 2.d4 d5 3.Nc3 e6 4.e4 dxe4 5.Nxe4 Be7 6.Nf3 Nf6 7.Bd3 b6 8.O-O Bb7
9.c5 Na6 10.Bf4 bxc5 11.Nxc5 Bxc5 12.dxc5 Nxc5 13.Bc4 Nd5 14.Be5 O-O 15.Qe2 Re8
16.Rfd1 Nd7 17.Bg3 Rc8 18.Rac1 Qe7 19.Rd4 e5 20.Rdd1 N7b6 21.Bb3 c5 22.Bh4 f6
23.Nd2 Kh8 24.Qg4 Nf4 25.Nc4 Nxc4 26.Bxc4 Bxg2 27.Rd7 Bh3 28.Rxe7 Bxg4 29.Rxa7 Bf3
30.Bg3 Ne6 31.Re1 Nd4 32.Ra5 Red8 33.h4 Bc6 34.Kf1 Nf3 35.Rc1 Nd2+ 36.Ke2 Rd4
37.Bd3 Rcd8 38.Rc3 Ne4 39.Bxe4 Rxe4+ 40.Re3 Red4 41.Rc3 Rd2+ 42.Ke3 c4 43.Raa3 R2d4
44.f3 e4 45.Bc7 R8d7 46.Bb6 Rd3+ 47.Rxd3 exd3 48.Ba5 Re7+ 49.Kd4 Bxf3 50.Kxc4 Be2
51.Bd2 Kg8 52.b4 f5 53.Kd4 Re4+ 54.Kc3 Re7 55.b5 Rb7 56.Rb3 Rc7+ 57.Kd4 f4
58.b6 Rb7 59.Bxf4 Kf7 60.a4 Bd1 61.Rb4 Bxa4 62.Rxa4 Rxb6 63.Kxd3 Rb5 64.Ke4 Rh5
65.Ra7+ Kg6 66.Ra6+ Kf7 67.Ra7+ Kg6 68.Bg3 Rb5 69.Kf3 Kf6 70.Kg4 Rb4+ 71.Bf4 Rc4
72.Ra6+ Kf7 73.Kf5 g6+ 74.Kg4 h6 75.Ra7+ Kf6 76.Rh7 Rb4 77.Kg3 Rb3+ 78.Kf2 Rb2+
79.Kf3 Rb3+ 80.Be3 Ra3 81.Ke4 h5 82.Rb7 Ra4+ 83.Bd4+ Ke6 84.Rg7 Rb4 85.Rxg6+ Kf7
86.Rg5  1-0

[Event "XIII Open"]
[Site "Torredembarra ESP"]
[Date "2011.07.05"]
[Round "4"]
[White "Moskalenko,V1"]
[Black "Pozo Vera,S"]
[Result "1/2-1/2"]
[WhiteElo "2591"]
[BlackElo "2471"]

1.c4 c6 2.d4 d5 3.Nf3 Nf6 4.Nc3 dxc4 5.a4 Bf5 6.Ne5 Nbd7 7.Nxc4 Nb6 8.Ne5 a5
9.Bg5 h6 10.Bh4 Nbd5 11.e3 e6 12.Bd3 Bxd3 13.Qxd3 Be7 14.O-O O-O 15.Rad1 Nd7
16.Bxe7 Qxe7 17.f4 Rfd8 18.Qe2  1/2-1/2

[Event "6th Polonia Wroclaw Open A"]
[Site "Wroclaw POL"]
[Date "2011.07.05"]
[Round "3"]
[White "Macieja,B"]
[Black "Zysko,J"]
[Result "1-0"]
[WhiteElo "2612"]
[BlackElo "2184"]

1.c4 c6 2.e4 d5 3.exd5 cxd5 4.d4 Nf6 5.Nc3 Nc6 6.Bg5 Be6 7.a3 g6 8.Bxf6 exf6
9.Be2 Bg7 10.Bf3 Ne7 11.c5 O-O 12.Nge2 f5 13.b4 a6 14.Qb3 f4 15.Nxf4 Nc6
16.Nce2 Bxd4 17.Rd1 Qf6 18.O-O Rad8 19.Bxd5 Rxd5 20.Nxd5 Qe5 21.Nxd4 Nxd4
22.Qe3 Qxe3 23.Nxe3 Ne2+ 24.Kh1 Nc3 25.Rd3 Nb5 26.Rfd1 f5 27.f4  1-0